000 00480nam a2200157Ia 4500
008 241206s9999||||xx |||||||||||||| ||und||
020 _a9781412922982
_c413
040 _beng
_cSSK Library
_erda
082 _a658.3124/MCG
100 _a David Mcguire, Kenneth Moldbjerg Jorgensen
245 0 _aHuman Resource Development : Theory And Parctice
260 _b Sage Publications
_c©2011
942 _2Dewey Decimal Classification
_cBOOK
_nNo
999 _c14251
_d14251
003 OSt
005 20241206223201.0